ბათუმის შოთა რუსთაველის სახელმწიფო უნივერსიტეტის ბიბლიოთეკა

Руководство по апробации сельскохозяйственных культур. (ბიბ.ჩანაწერი № 45750)

000 -LEADER
fixed length control field 00742nam a2200193Ia 4500
001 - CONTROL NUMBER
control field 12577
003 - CONTROL NUMBER IDENTIFIER
control field GE_BSU
008 - FIXED-LENGTH DATA ELEMENTS--GENERAL INFORMATION
fixed length control field 181216s||||||||xx |||||||||||||| ||und||
040 ## - CATALOGING SOURCE
Transcribing agency GE_BSU
080 ## - UNIVERSAL DECIMAL CLASSIFICATION NUMBER
Universal Decimal Classification number 633.1(075.3)
245 ## - TITLE STATEMENT
Title Руководство по апробации сельскохозяйственных культур.
245 ## - TITLE STATEMENT
Remainder of title Зерновые,крупяные и зерно-бобовые культуры
245 ## - TITLE STATEMENT
Statement of responsibility, etc. Сост.М.Г.Пруцкова.Ред.Е.С.Минова
260 ## - PUBLICATION, DISTRIBUTION, ETC.
Date of publication, distribution, etc. 1976
300 ## - PHYSICAL DESCRIPTION
Extent 373стр.илл.24см.
300 ## - PHYSICAL DESCRIPTION
Accompanying material указатель сортов с.368
653 ## - INDEX TERM--UNCONTROLLED
Uncontrolled term Руководство по апробации сельскохозяйственных культур
942 ## - ADDED ENTRY ELEMENTS (KOHA)
Koha item type წიგნი
ეგზემპლარები
Withdrawn status Lost status Damaged status Not for loan Date acquired Barcode Date last seen Price effective from Koha item type
        2018-12-17 20682 2018-12-17 2018-12-17 წიგნი
        2018-12-17 20683 2018-12-17 2018-12-17 წიგნი
        2018-12-17 20684 2018-12-17 2018-12-17 წიგნი